[Event "Voronezh op-B 23rd"]
[Site "Voronezh"]
[Date "2019.06.19"]
[Round "8"]
[White "Tatarintsev, Mikhail"]
[Black "Gusev, Dmitri1111"]
[Result "1-0"]
[WhiteElo "1730"]
[BlackElo "1806"]
[PlyCount "129"]
[EventDate "2019.06.12"]
[EventType "swiss"]
[EventRounds "9"]
[EventCountry "RUS"]
[SourceTitle "EXT 2020"]
[Source "ChessBase"]
[SourceDate "2019.10.17"]
[SourceVersion "1"]
[SourceVersionDate "2019.10.17"]
[SourceQuality "1"]

1. e4 e6 2. d4 d5 3. Nd2 Nf6 4. e5 Nfd7 5. f4 c5 6. c3 b6 7. Ndf3 Ba6 8. Ne2 Nc6 9. g3 Be7 10. a3 Bxe2 11. Qxe2 c4 12. Bh3 g6 13. 0-0 b5 14. Qc2 a5 15. Be3 Nb6 16. Nd2 b4 17. axb4 axb4 18. g4 b3 19. Rxa8 Qxa8 20. Qb1 Rg8 21. Kh1 Kd7 22. f5 gxf5 23. gxf5 Nxe5 24. fxe6+ fxe6 25. Bxe6+ Kxe6 26. Qf5+ Kd6 27. dxe5+ Kc7 28. Bxb6+ Kxb6 29. Qe6+ Kb5 30. Qd7+ Qc6 31. Qxe7 d4+ 32. Nf3 dxc3 33. bxc3 Qe4 34. Qd7+ Kc5 35. Qd4+ Qxd4 36. Nxd4 Ra8 37. Rb1 Ra2 38. Nxb3+ cxb3 39. Rxb3 Re2 40. Rb7 Rxe5 41. Rxh7 Re3 42. Kg2 Kd6 43. Rh3 Re2+ 44. Kf3 Rc2 45. Ke4 Kc5 46. Kd3 Rf2 47. Rh5+ Kd6 48. h4 Rf3+ 49. Kc4 Rf4+ 50. Kb5 Rf1 51. Rh6+ Kd5 52. c4+ Kd4 53. Rd6+ Ke5 54. Rd5+ Ke6 55. h5 Rb1+ 56. Kc6 Rh1 57. c5 Rh2 58. Rd6+ Ke7 59. h6 Rh3 60. Kc7 Rh5 61. c6 Rh4 62. Rd7+ Ke6 63. h7 Rh2 64. Kd8 Rf2 65. h8Q 1-0

[Event "Voronezh op-B 23rd"]
[Site "Voronezh"]
[Date "2019.06.16"]
[Round "5"]
[White "Agadjanian, Sergey"]
[Black "Tatarintsev, Mikhail"]
[Result "0-1"]
[WhiteElo "1919"]
[BlackElo "1730"]
[PlyCount "170"]
[EventDate "2019.06.12"]
[EventType "swiss"]
[EventRounds "9"]
[EventCountry "RUS"]
[SourceTitle "EXT 2020"]
[Source "ChessBase"]
[SourceDate "2019.10.17"]
[SourceVersion "1"]
[SourceVersionDate "2019.10.17"]
[SourceQuality "1"]

1. d4 d5 2. c4 e6 3. Nf3 Nf6 4. g3 c6 5. Bg2 Nbd7 6. Qc2 Bd6 7. 0-0 0-0 8. Nbd2 Re8 9. e4 dxe4 10. Nxe4 Nxe4 11. Qxe4 Nf6 12. Qe2 h6 13. b3 Qe7 14. Bb2 Bd7 15. Rad1 Rad8 16. Rfe1 Bc8 17. d5 cxd5 18. Bxf6 Qxf6 19. cxd5 Bd7 20. Ne5 Bxe5 21. Qxe5 Qxe5 22. Rxe5 Bc6 23. d6 Bxg2 24. Kxg2 Rd7 25. Rb5 Red8 26. Rb4 b6 27. Ra4 a5 28. Rad4 e5 29. Rd5 f6 30. f4 Kf7 31. f5 h5 32. h3 g5 33. Kf3 Rc8 34. R1d3 Rc2 35. a3 Ke8 36. Ke4 Re2+ 37. Re3 Rc2 38. Rd1 Rc6 39. Red3 Kf7 40. Ke3 Rc2 41. Rd5 Rc3+ 42. R1d3 Rc2 43. b4 axb4 44. axb4 Kg7 45. Rd2 Rc3+ 46. R5d3 Rc4 47. b5 Rc8 48. Rd5 Rc3+ 49. R2d3 Rc8 50. Kd2 Rcd8 51. Kc2 Kf7 52. Kb3 Kf8 53. Rd2 Ke8 54. R5d3 Kf7 55. Kc2 Ke8 56. Rd1 Kf8 57. R1d2 Ke8 58. h4 g4 59. Kd1 Kf7 60. Ke2 Kf8 61. Ke3 Kf7 62. Ke4 Rc8 63. Rd5 Rc4+ 64. Kd3 Rd4+ 65. Kc3 Ra4 66. Kb3 Re4 67. Rc2 Re3+ 68. Rc3 Rf3 69. Kc4 Rxf5 70. Rd1 Ke6 71. Kb4 e4 72. Rc6 Rd5 73. Rxd5 Kxd5 74. Rxb6 Rxd6 75. Rb8 Kd4 76. Kb3 Kd3 77. Kb4 e3 78. Kc5 Re6 79. Rd8+ Kc2 80. b6 Rxb6 81. Kxb6 e2 82. Rh8 e1Q 83. Rxh5 Qxg3 84. Rh8 Qe3+ 85. Kc6 g3 0-1

[Event "Voronezh op-B 23rd"]
[Site "Voronezh"]
[Date "2019.06.12"]
[Round "1"]
[White "Beldyugin, Alexey"]
[Black "Tatarintsev, Mikhail"]
[Result "1-0"]
[WhiteElo "2126"]
[BlackElo "1730"]
[PlyCount "79"]
[EventDate "2019.06.12"]
[EventType "swiss"]
[EventRounds "9"]
[EventCountry "RUS"]
[SourceTitle "CBM 191 Extra"]
[Source "ChessBase"]
[SourceDate "2019.09.30"]
[SourceVersion "1"]
[SourceVersionDate "2019.09.30"]
[SourceQuality "1"]

1. b3 d5 2. Bb2 e6 3. Nf3 Nf6 4. e3 c5 5. c4 Nc6 6. cxd5 Nxd5 7. Bb5 Bd7 8. 0-0 Nf6 9. Nc3 Be7 10. d4 cxd4 11. Nxd4 Nxd4 12. Qxd4 0-0 13. Bxd7 Qxd7 14. Qxd7 Nxd7 15. Rfd1 Rfd8 16. Nb5 Bf6 17. Bd4 b6 18. Rac1 Bxd4 19. Rxd4 Nc5 20. Rxd8+ Rxd8 21. b4 Nd3 22. Rd1 Rd5 23. Nc3 Rd7 24. f4 Kf8 25. a3 Ke8 26. Rb1 e5 27. f5 g6 28. g4 a6 29. Ne4 Ke7 30. Kf1 h6 31. Ke2 Rd8 32. h4 Rd7 33. h5 g5 34. Rd1 Nb2 35. f6+ Ke6 36. Nxg5+ Kxf6 37. Rxd7 Kxg5 38. Rxf7 Kxg4 39. Rf6 Kxh5 40. Rxb6 1-0

[Event "Voronezh op-B 22nd"]
[Site "Voronezh"]
[Date "2018.06.19"]
[Round "8"]
[White "Koshelev, Vladimir"]
[Black "Tatarintsev, Mikhail"]
[Result "0-1"]
[WhiteElo "1741"]
[BlackElo "1681"]
[PlyCount "74"]
[EventDate "2018.06.12"]
[EventType "swiss"]
[EventRounds "9"]
[EventCountry "RUS"]
[SourceTitle "CBM 185 Extra"]
[Source "ChessBase"]
[SourceDate "2018.07.29"]
[SourceVersion "1"]
[SourceVersionDate "2018.07.29"]
[SourceQuality "1"]

1. d4 d5 2. Nf3 Nf6 3. Bf4 e6 4. e3 Be7 5. Bd3 0-0 6. Nbd2 c5 7. c3 Nc6 8. h3 h6 9. 0-0 Bd6 10. Ne5 Qc7 11. Ndf3 b6 12. Rc1 Bb7 13. b4 Rfc8 14. b5 Nb8 15. c4 Qe7 16. Ng4 Bxf4 17. exf4 Nbd7 18. Nge5 Ne4 19. Re1 Ndf6 20. Ng4 Qd6 21. Nfe5 cxd4 22. f3 Nxg4 23. fxe4 Nf6 24. exd5 exd5 25. Qf3 Rc7 26. Nc6 Bxc6 27. bxc6 Rxc6 28. cxd5 Rxc1 29. Rxc1 Qxd5 30. Qe2 Re8 31. Qb2 Ne4 32. Rc7 Nc5 33. Bf1 Rd8 34. Qd2 d3 35. Rxa7 Ne4 36. Qxd3 Qxd3 37. Bxd3 Rxd3 0-1

[Event "Zalakaros op 37th"]
[Site "Zalakaros"]
[Date "2018.05.25"]
[Round "1"]
[White "Tatarintsev, Mikhail"]
[Black "Kareva, Natalia"]
[Result "0-1"]
[WhiteElo "1770"]
[BlackElo "2206"]
[PlyCount "82"]
[EventDate "2018.05.25"]
[EventType "swiss"]
[EventRounds "9"]
[EventCountry "HUN"]
[SourceTitle "EXT 2019"]
[Source "ChessBase"]
[SourceDate "2018.10.10"]
[SourceVersion "1"]
[SourceVersionDate "2018.10.10"]
[SourceQuality "1"]

1. e4 c5 2. c4 g6 3. Nf3 Bg7 4. Nc3 Nc6 5. g3 d6 6. Bg2 Bg4 7. 0-0 Qd7 8. Qa4 Nd4 9. Nxd4 Qxa4 10. Nxa4 Bxd4 11. Re1 0-0-0 12. Nc3 Bd7 13. d3 Nf6 14. Be3 Bxe3 15. Rxe3 Ng4 16. Ree1 Ne5 17. Re3 Nc6 18. Rc1 g5 19. Nd5 Rdg8 20. a3 e6 21. Nf6 Rg6 22. Nxd7 Kxd7 23. Rb1 Nd4 24. b4 b6 25. e5 Rc8 26. Kf1 dxe5 27. Rxe5 Kd6 28. Ree1 g4 29. h4 h5 30. Rb2 f5 31. Kg1 Rf6 32. Re3 e5 33. Bd5 f4 34. Re1 fxg3 35. fxg3 Nf3+ 36. Bxf3 Rxf3 37. Kg2 Rxd3 38. Rbe2 Re8 39. bxc5+ bxc5 40. a4 Rd4 41. Rb1 Rxc4 0-1

[Event "Marianske Lazne op 17th"]
[Site "Marianske Lazne"]
[Date "2018.01.22"]
[Round "3"]
[White "Chekletsov, Egor"]
[Black "Tatarintsev, Mikhail"]
[Result "1-0"]
[WhiteElo "2039"]
[BlackElo "1812"]
[PlyCount "43"]
[EventDate "2018.01.20"]
[EventType "swiss"]
[EventRounds "9"]
[EventCountry "CZE"]
[SourceTitle "CBM 182 Extra"]
[Source "ChessBase"]
[SourceDate "2018.02.23"]
[SourceVersion "1"]
[SourceVersionDate "2018.02.23"]
[SourceQuality "1"]

1. d4 d5 2. c4 c6 3. cxd5 cxd5 4. Nf3 Nf6 5. Nc3 Nc6 6. Bf4 e6 7. e3 a6 8. Bd3 Bd6 9. Bg3 0-0 10. Rc1 Bxg3 11. hxg3 Bd7 12. Ne5 Be8 13. Bxh7+ Kh8 14. Bb1+ Kg8 15. Ng4 g6 16. Qf3 Kg7 17. Nxf6 Qxf6 18. Rh7+ Kxh7 19. Qxf6 Rh8 20. Ke2 Kg8 21. Na4 Rc8 22. Nc5 1-0